00197nam a22000857a 4500082001800000100001600018245003800034250000800072260003100080 a620.112 POP'M aPOPOV, E. P aMECHANICS OF MATERIALS SI VERSION a2ND aNEWYORKbMCGRAW HILLc1976